Countries with Consulates in Cardiff - Statistics

General Stats
  • This quiz has been taken 70 times
    12 since last reset
  • The average score is 16 of 18
Answer Stats
Country % Correct
Canada
100%
Ireland
100%
Japan
100%
United States
100%
Denmark
90%
Finland
90%
France
90%
Germany
90%
India
90%
Italy
90%
Mexico
90%
Poland
90%
Sweden
90%
Israel
80%
Switzerland
80%
Iceland
70%
Slovakia
70%
Thailand
60%
No matching quizzes found
Score Distribution
Percent of People with Each Score
Percentile by Number Answered
Your Score History
You have not taken this quiz since the last reset